000 00225nam a2200097Ia 4500
008 190216s9999||||xx |||||||||||||| ||und||
100 _aBhagwati Prasad
245 0 _aHindi-Pathan
260 _bHindi Sahithya Sadan
942 _cBK
999 _c18112
_d18112